[Event "IND-ch U11 Girls 30th"]
[Site "India"]
[Date "2016.07.01"]
[Round "6"]
[White "Shah, Kritee"]
[Black "Rishita, Sinha"]
[Result "1/2-1/2"]
[WhiteElo "1160"]
[BlackElo "1417"]
[PlyCount "74"]
[EventDate "2016.06.28"]
[EventType "swiss"]
[EventRounds "11"]
[EventCountry "IND"]
[SourceTitle "CBM 173 Extra"]
[Source "ChessBase"]
[SourceDate "2016.08.29"]
[SourceVersion "1"]
[SourceVersionDate "2016.08.29"]
[SourceQuality "1"]

1. d4 Nf6 2. Nc3 e6 3. Bf4 a6 4. e3 d5 5. Nf3 c5 6. Be2 Be7 7. dxc5 Bxc5 8. a3 0-0 9. 0-0 Nc6 10. Bd3 Re8 11. e4 d4 12. Ne2 e5 13. Bg5 Be7 14. Bxf6 Bxf6 15. Bc4 Be6 16. Bxe6 Rxe6 17. Ng3 g6 18. Ne1 Qe7 19. Qg4 Bg7 20. Nd3 Rf6 21. Rae1 h5 22. Qd1 Re8 23. f4 exf4 24. Nxf4 Qd8 25. Nd5 Rxf1+ 26. Rxf1 Ne5 27. Qe2 Ng4 28. Qf3 Nh6 29. Nf6+ Bxf6 30. Qxf6 Qxf6 31. Rxf6 h4 32. Nh5 gxh5 33. Rxh6 Rxe4 34. Rxh5 Kg7 35. Kf2 Kg6 36. Rd5 f5 37. Rd7 Rf4+ 1/2-1/2

[Event "IND-ch U11 Girls 30th"]
[Site "India"]
[Date "2016.07.01"]
[Round "5"]
[White "Vishwa, Vasnawala"]
[Black "Shah, Kritee"]
[Result "1/2-1/2"]
[WhiteElo "1258"]
[BlackElo "1160"]
[PlyCount "62"]
[EventDate "2016.06.28"]
[EventType "swiss"]
[EventRounds "11"]
[EventCountry "IND"]
[SourceTitle "CBM 173 Extra"]
[Source "ChessBase"]
[SourceDate "2016.08.29"]
[SourceVersion "1"]
[SourceVersionDate "2016.08.29"]
[SourceQuality "1"]

1. e4 c5 2. c3 d5 3. exd5 Nf6 4. Bb5+ Bd7 5. Bxd7+ Nbxd7 6. d4 Nxd5 7. Nf3 e6 8. 0-0 N7f6 9. Re1 Be7 10. Qa4+ Qd7 11. Qxd7+ Nxd7 12. Nbd2 0-0 13. Ne4 N7f6 14. Nxf6+ Nxf6 15. Bg5 cxd4 16. Nxd4 Nd5 17. Bxe7 Nxe7 18. Rad1 Rfd8 19. f4 a6 20. Nf3 Nc6 21. Kf2 h6 22. Ne5 Nxe5 23. fxe5 Kf8 24. Ke3 Ke7 25. g4 Rd5 26. Rxd5 exd5 27. h4 Ke6 28. Kd3 Rc8 29. b3 a5 30. a4 b6 31. Kd4 Rd8 1/2-1/2

[Event "IND-chT (Women) 14th"]
[Site "Bhubaneswar"]
[Date "2016.02.14"]
[Round "7.2"]
[White "Shah, Kritee"]
[Black "Karavade, Eesha"]
[Result "0-1"]
[WhiteElo "1144"]
[BlackElo "2400"]
[PlyCount "106"]
[EventDate "2016.02.08"]
[EventType "team-tourn"]
[EventRounds "7"]
[EventCountry "IND"]
[SourceTitle "CBM 170 Extra"]
[Source "ChessBase"]
[SourceDate "2016.02.25"]
[SourceVersion "1"]
[SourceVersionDate "2016.02.25"]
[SourceQuality "1"]
[WhiteTeam "Gujarat (W)"]
[BlackTeam "Petroleum Sports (W)"]
[WhiteTeamCountry "IND"]
[BlackTeamCountry "IND"]

1. d4 Nf6 2. Nc3 d5 3. Bf4 e6 4. Nb5 Na6 5. e3 Be7 6. Nf3 0-0 7. Bd3 Bd7 8. Nc3 Nb4 9. Be2 c5 10. a3 Nc6 11. dxc5 Bxc5 12. Bd3 h6 13. Na4 Be7 14. Nc3 Re8 15. 0-0 Nh5 16. Qd2 Nxf4 17. exf4 Bf6 18. Rfe1 Qc7 19. Rab1 Rac8 20. Ne2 Rcd8 21. Nc3 a6 22. h3 Bc8 23. Ne2 Na5 24. Ng3 Nc4 25. Bxc4 dxc4 26. Qe3 Rd5 27. Re2 Red8 28. Rd2 Rxd2 29. Nxd2 Bd4 30. Qf3 c3 31. bxc3 Qxc3 32. Qxc3 Bxc3 33. Nde4 Ba5 34. Nc5 b5 35. a4 Rd5 36. Nb3 Bc7 37. axb5 Rxb5 38. Ne2 a5 39. Ra1 Bd7 40. g4 Kf8 41. Kg2 Ke7 42. Ned4 Rb4 43. Ne2 a4 44. Nc5 Bc6+ 45. Kg3 Rc4 46. Na6 Bd6 47. c3 g5 48. f3 gxf4+ 49. Kg2 Bb5 50. Nb4 Bxb4 51. cxb4 Rc2 52. Re1 Rxe2+ 53. Rxe2 Bxe2 0-1